000 01022cam a2200301 a 4500
999 _c128417
_d128417
001 18127751
003 ARRUPE
005 20181023091418.0
008 140425s2014 ug b 001 0 eng d
010 _a 2013439935
020 _a9789970253074
020 _a9970253077
035 _a(OCoLC)ocn870290554
040 _aBTCTA
_beng
_cBTCTA
_dYDXCP
_dOL$
_dKSU
_dCDX
_dOCLCF
_dDLC
042 _alccopycat
_alcode
043 _af------
050 0 0 _aB5305
_b.L34 2014
082 0 4 _a199.6
_223
100 1 _aLajul, Wilfred.
_943044
245 1 0 _aAfrican philosophy :
_bcritical dimensions /
_cWilfred Lajul.
260 _aKampala, Uganda :
_bFountain Publishers,
_c2014.
300 _axi, 255 p. ;
_c21 cm.
504 _aIncludes bibliographical references (p. 233-248) and index.
650 0 _aPhilosophy, African.
_943045
906 _a7
_bcbc
_ccopycat
_d3
_encip
_f20
_gy-gencatlg
942 _2lcc
_cMONOGRAPH